000 00870cab a2200253 4500
001 ABS51354
008 090401t1994 xxu||||| |||| 00| 0 eng d
035 _a(Sirsi) u23084
041 _aeng
100 _aCarpenter, A.
245 _aAggregate reuse: stone circle
260 _c1994
350 _a0
490 _aBuilding
_v259(7859) 9 September 1994, 54-55(2)
520 _aExamines the implications of MPG6, which commits the construction industry to a 100% increase in the use of secondary and recycled materials by 2006, paying particular attention to the use of aggregates.
650 _aAGGREGATES
650 _aBUILT ENVIRONMENT-BUILDING MATERIALS
650 _aMINERALS PLANNING GUIDANCE NOTE SIX
650 _aRECYCLING
690 _aBUILT ENVIRONMENT-BUILDING MATERIALS
690 _aMINING AND MINERALS
942 _n0
948 _c04/03/1997
999 _c15465
_d15465